[Event "Schachfestival 2016 - Open"]
[Site "Bad Woerishofen"]
[Date "2016.03.03"]
[Round "8.31"]
[White "Boehmer, Christian"]
[Black "Remensberger, Hansuli"]
[Result "1-0"]
[WhiteElo "2212"]
[BlackElo "2010"]
[Annotator "chessorg"]
[PlyCount "81"]
[EventDate "2016.??.??"]
[WhiteTeam "Moerlenbach"]
[BlackTeam "Chessflyers Kloten"]

1. e4 d6 2. d4 Nf6 3. Nc3 g6 4. Bg5 Bg7 5. f4 O-O 6. Nf3 c5 7. dxc5 Qa5 8. Qd2
Qxc5 9. Bd3 Nc6 10. Bh4 Bd7 11. h3 Rfc8 12. Bf2 Qa5 13. O-O Qd8 14. Rad1 Nb4
15. e5 Nxd3 16. Qxd3 Ne8 17. Qe2 Be6 18. Rfe1 Qa5 19. Nd4 Bc4 20. Qe4 Rc7 21.
Re3 f5 22. exf6 Nxf6 23. Qf3 Nd5 24. Nxd5 Bxd5 25. Qe2 Bc4 26. Qg4 Bxd4 27.
Rxd4 Qf5 28. Qd1 Bb5 29. Rd5 Qd7 30. f5 Rf8 31. fxg6 hxg6 32. Rg5 Rf6 33. Qd5+
e6 34. Qxb5 Qf7 35. Qe2 e5 36. b3 b5 37. Be1 a6 38. Rg4 Rc8 39. Bh4 Rf4 40. Re4
Rxg4 41. Rxg4 1-0

[Event "Schachfestival 2016 - Open"]
[Site "Bad Woerishofen"]
[Date "2016.03.03"]
[Round "8.38"]
[White "Mattes, Heinz"]
[Black "Hehn, Hartmut"]
[Result "0-1"]
[WhiteElo "1959"]
[BlackElo "2042"]
[Annotator "chessorg"]
[PlyCount "42"]
[EventDate "2016.??.??"]
[WhiteTeam "SK Siemens Muenchen"]
[BlackTeam "SV Ebersbach"]

1. d4 c5 2. c4 Nf6 3. e3 g6 4. Nc3 Bg7 5. Nf3 O-O 6. Be2 cxd4 7. exd4 d5 8.
cxd5 Nxd5 9. O-O Nc6 10. h3 b6 11. Nxd5 Qxd5 12. Be3 Rd8 13. Rc1 Bb7 14. Bc4
Qd6 15. Ng5 e6 16. Ne4 Qf8 17. Bg5 Rxd4 18. Qe2 h6 19. Bd2 Ne5 20. f3 Nxc4 21.
Rxc4 Ba6 0-1

[Event "Schachfestival 2016 - Open"]
[Site "Bad Woerishofen"]
[Date "2016.03.03"]
[Round "8.40"]
[White "Moors, Marc"]
[Black "Ballon, Guenther Jan"]
[Result "1-0"]
[WhiteElo "1873"]
[BlackElo "2033"]
[Annotator "chessorg"]
[PlyCount "61"]
[EventDate "2016.??.??"]
[WhiteTeam "Brasschaat"]
[BlackTeam "Caissa Amsterdam"]

1. d4 d5 2. Nf3 e6 3. e3 Nf6 4. Bd3 Be7 5. O-O O-O 6. Nbd2 b6 7. b3 Bb7 8. Bb2
c5 9. Ne5 Nc6 10. f4 Rc8 11. a3 cxd4 12. exd4 g6 13. Qe2 Ne8 14. Ndf3 Ng7 15.
g4 Bd6 16. Nxc6 Rxc6 17. Ne5 Rc7 18. g5 Bxe5 19. Qxe5 Rc8 20. a4 f6 21. Qe3
fxg5 22. fxg5 Rxf1+ 23. Rxf1 Qe7 24. Rf6 Re8 25. Bb5 Rc8 26. Bd3 Bc6 27. Ba6
Re8 28. Be2 Qd6 29. Qc1 Qb4 30. Qe3 Bxa4 31. Bc3 1-0

[Event "Schachfestival 2016 - Open"]
[Site "Bad Woerishofen"]
[Date "2016.03.03"]
[Round "8.45"]
[White "Roemhild, Marcus"]
[Black "Weller, Uli"]
[Result "1/2-1/2"]
[WhiteElo "2115"]
[BlackElo "1947"]
[Annotator "chessorg"]
[PlyCount "51"]
[EventDate "2016.??.??"]
[WhiteTeam "LSV Turm Lippstadt"]
[BlackTeam "SK Buchloe"]

1. e4 c5 2. Nf3 Nc6 3. Bb5 d6 4. Nc3 Nf6 5. Bxc6+ bxc6 6. d3 Bg4 7. h3 Bxf3 8.
Qxf3 Qc7 9. O-O g6 10. b3 Bg7 11. Bb2 O-O 12. Na4 e5 13. Qe2 Nh5 14. g3 f5 15.
exf5 Rxf5 16. Kh2 Raf8 17. Rae1 Qf7 18. Kg2 Rf3 19. Bc1 e4 20. dxe4 Be5 21. Bh6
Nxg3 22. fxg3 Rxg3+ 23. Kh1 Rxh3+ 24. Kg1 Rg3+ 25. Kh1 Rh3+ 26. Kg1 1/2-1/2

[Event "Schachfestival 2016 - Open"]
[Site "Bad Woerishofen"]
[Date "2016.03.05"]
[Round "9.1"]
[White "Milov, Leonid"]
[Black "Werle, Jan"]
[Result "1/2-1/2"]
[WhiteElo "2439"]
[BlackElo "2545"]
[PlyCount "77"]
[EventDate "2016.??.??"]

1. e4 e6 2. d4 d5 3. Nc3 Nf6 4. e5 Nfd7 5. Nce2 c5 6. c3 Nc6 7. Nf3 Qb6 8. a3
f6 9. exf6 Nxf6 10. b4 cxb4 11. cxb4 Bd6 12. Nc3 O-O 13. Be2 Ne4 14. Bb2 Qd8
15. O-O Ng5 16. Nxg5 Qxg5 17. g3 Bd7 18. Bc1 Qf6 19. Be3 Ne7 20. Nb5 Bxb5 21.
Bxb5 Nf5 22. Qd2 h5 23. Bd3 h4 24. g4 Nh6 25. f3 Bf4 26. Bb5 Rad8 27. Rae1 Rd6
28. Rc1 a6 29. Be2 Rd7 30. Bxf4 Qxf4 31. Qxf4 Rxf4 32. Rfd1 g5 33. h3 Nf7 34.
Kf2 Kg7 35. Rc5 Kf6 36. Ke3 Nh8 37. Rdc1 e5 38. dxe5+ Kxe5 39. Bd3 1/2-1/2

[Event "Schachfestival 2016 - Open"]
[Site "Bad Woerishofen"]
[Date "2016.03.05"]
[Round "9.2"]
[White "Karpatchev, Aleksandr"]
[Black "Kveinys, Aloyzas"]
[Result "1/2-1/2"]
[WhiteElo "2475"]
[BlackElo "2524"]
[PlyCount "28"]
[EventDate "2016.??.??"]

1. e4 e5 2. Nf3 Nc6 3. Bb5 a6 4. Ba4 Nf6 5. O-O Be7 6. Re1 b5 7. Bb3 O-O 8. d3
d6 9. a3 Bg4 10. c3 Na5 11. Ba2 c5 12. Nbd2 Nc6 13. Nf1 Be6 14. Bxe6 fxe6
1/2-1/2

[Event "Schachfestival 2016 - Open"]
[Site "Bad Woerishofen"]
[Date "2016.03.05"]
[Round "9.3"]
[White "Pap, Misa"]
[Black "Naumkin, Igor"]
[Result "1/2-1/2"]
[WhiteElo "2483"]
[BlackElo "2413"]
[PlyCount "50"]
[EventDate "2016.??.??"]

1. e4 e5 2. Nf3 Nc6 3. Bb5 a6 4. Ba4 Nf6 5. O-O Be7 6. Re1 b5 7. Bb3 d6 8. c3
O-O 9. d4 Bg4 10. d5 Na5 11. Bc2 c6 12. h3 Bc8 13. dxc6 Qc7 14. Nbd2 Qxc6 15.
Nf1 Nc4 16. a4 h6 17. Ng3 Re8 18. Nh4 Bf8 19. Qf3 Re6 20. Nhf5 Bb7 21. axb5
axb5 22. Rxa8 Bxa8 23. Rd1 Bb7 24. Ne3 Nxe3 25. Bxe3 Qc4 1/2-1/2

[Event "Schachfestival 2016 - Open"]
[Site "Bad Woerishofen"]
[Date "2016.03.05"]
[Round "9.4"]
[White "Chatalbashev, Boris"]
[Black "Zude, Arno"]
[Result "0-1"]
[WhiteElo "2563"]
[BlackElo "2389"]
[PlyCount "112"]
[EventDate "2016.??.??"]

1. c4 Nf6 2. Nc3 e6 3. e4 d5 4. cxd5 exd5 5. e5 d4 6. exf6 dxc3 7. Qe2+ Be6 8.
dxc3 Qxf6 9. Qb5+ Nd7 10. Nf3 Bd6 11. Bg5 Qg6 12. O-O-O O-O 13. Bd3 Qh5 14. Be3
Nc5 15. Bxc5 Bxc5 16. Rhe1 Qh6+ 17. Kb1 Bxf2 18. Re5 Bg4 19. Qxb7 Rad8 20. Qe4
Qg6 21. Qe2 Qf6 22. a4 Bxf3 23. gxf3 g6 24. a5 Qf4 25. h3 Bg3 26. Re4 Qf6 27.
Rg1 Bf4 28. Rg4 Bh6 29. h4 Rd5 30. Rd4 Rxa5 31. f4 Bg7 32. Rc4 Qd6 33. f5 Rd8
34. Bc2 Qa6 35. Bb3 Rxf5 36. Rge4 Qb5 37. Ba4 Qb6 38. Rb4 Qc5 39. Rbc4 Qd6 40.
Re8+ Rxe8 41. Qxe8+ Bf8 42. Rd4 Qe7 43. Qa8 Qe6 44. Rd8 Rf1+ 45. Bd1 Kg7 46.
Qxa7 Qe4+ 47. Ka2 Bd6 48. Ba4 Qb1+ 49. Kb3 Qd1+ 50. Ka2 Qa1+ 51. Kb3 Rf4 52.
Ra8 c5 53. Bb5 c4+ 54. Bxc4 Qd1+ 55. Ka2 Rxc4 56. Qa6 Qd5 0-1

[Event "Schachfestival 2016 - Open"]
[Site "Bad Woerishofen"]
[Date "2016.03.05"]
[Round "9.6"]
[White "Zuse, Peter"]
[Black "Mueller, Martin"]
[Result "0-1"]
[WhiteElo "2213"]
[BlackElo "2133"]
[PlyCount "59"]
[EventDate "2016.??.??"]

1. Nf3 f5 2. c4 Nf6 3. Nc3 g6 4. g3 Bg7 5. Bg2 O-O 6. O-O d6 7. Rb1 a5 8. a3 c6
9. b4 axb4 10. axb4 e5 11. d3 Nh5 12. Nd2 Be6 13. b5 Rf7 14. Qb3 Bh6 15. e3 f4
16. exf4 exf4 17. Re1 fxg3 18. hxg3 Bf5 19. Nde4 Bxc1 20. Rbxc1 Ng7 21. Ra1
Rxa1 22. Rxa1 Qc7 23. c5 dxc5 24. Ng5 Bxd3 25. Qxf7+ Qxf7 26. Nxf7 Kxf7 27. Ra7
cxb5 28. Rxb7+ Ke6 29. Rxb8 b4 30. Na4 0-1

[Event "Schachfestival 2016 - Open"]
[Site "Bad Woerishofen"]
[Date "2016.03.05"]
[Round "9.7"]
[White "Friedel, Marcus"]
[Black "Friedrich, Norbert"]
[Result "1/2-1/2"]
[WhiteElo "2125"]
[BlackElo "2209"]
[PlyCount "58"]
[EventDate "2016.??.??"]

1. e4 c5 2. c3 Nf6 3. e5 Nd5 4. d4 cxd4 5. Nf3 e6 6. cxd4 d6 7. Bc4 Be7 8. O-O
O-O 9. a3 b6 10. Bxd5 exd5 11. Nc3 Be6 12. Bf4 Nc6 13. Re1 dxe5 14. Nxe5 Nxe5
15. Bxe5 Qd7 16. Qd3 Rfc8 17. Rec1 a6 18. Ne2 b5 19. Qg3 f6 20. Bc7 Ra7 21. Bb6
Rxc1+ 22. Rxc1 Bd6 23. Qe3 Ra8 24. Bc5 Bc7 25. Nf4 Bf5 26. Qf3 Be4 27. Qh3 Bf5
28. Qf3 Be4 29. Qh3 Bf5 1/2-1/2

[Event "Schachfestival 2016 - Open"]
[Site "Bad Woerishofen"]
[Date "2016.03.05"]
[Round "9.8"]
[White "Astengo, Corrado"]
[Black "Kannenberg, Karl-Heinz"]
[Result "0-1"]
[WhiteElo "2108"]
[BlackElo "2246"]
[PlyCount "94"]
[EventDate "2016.??.??"]

1. d4 d5 2. c4 c6 3. Nf3 e6 4. Qc2 f5 5. g3 Nf6 6. Bg2 Bd6 7. b3 O-O 8. O-O Qe7
9. Bb2 b6 10. Nbd2 Bb7 11. cxd5 cxd5 12. Rac1 Ba6 13. Rfe1 Rc8 14. Qxc8+ Bxc8
15. Rxc8+ Ne8 16. Ne5 Bxe5 17. dxe5 Kf7 18. Rec1 Qb7 19. Ba3 Nd7 20. Rxa8 Qxa8
21. Nc4 Kg6 22. Nd6 Nxd6 23. exd6 Nc5 24. b4 Nb7 25. b5 Qd8 26. Rc6 Na5 27. e3
a6 28. d7 Qxd7 29. Rd6 Qxb5 30. Bxd5 Qxd5 31. Rxd5 exd5 32. Kf1 Kf7 33. Ke2 Ke6
34. Kd3 Nc4 35. Bf8 g6 36. Kd4 Ne5 37. h3 Nf3+ 38. Kd3 Ng5 39. h4 Ne4 40. Ke2
Nc3+ 41. Kd3 Nxa2 42. Kc2 a5 43. Kb2 Nb4 44. Bxb4 axb4 45. Kb3 Ke5 46. f3 d4
47. Kxb4 dxe3 0-1

[Event "Schachfestival 2016 - Open"]
[Site "Bad Woerishofen"]
[Date "2016.03.05"]
[Round "9.10"]
[White "Singer, Christoph"]
[Black "Rahls, Peter"]
[Result "1-0"]
[WhiteElo "2316"]
[BlackElo "2150"]
[PlyCount "75"]
[EventDate "2016.??.??"]

1. e4 c5 2. Nf3 e6 3. b3 b6 4. d4 cxd4 5. Nxd4 Bb7 6. Nb5 d5 7. exd5 a6 8. Nd4
Qxd5 9. Bb2 Nf6 10. Nd2 Nc6 11. N4f3 Rd8 12. Bc4 Qh5 13. O-O Bd6 14. h3 O-O 15.
Qe2 b5 16. Bd3 Rfe8 17. Bxf6 gxf6 18. Ne4 Be7 19. Ng3 Qh6 20. a4 Nb4 21. Be4
Bxe4 22. Nxe4 f5 23. Ng3 Bf6 24. Rad1 bxa4 25. bxa4 Rc8 26. c4 Kh8 27. Rd7 Rg8
28. Rxf7 f4 29. Qxe6 fxg3 30. Rxf6 gxf2+ 31. Rxf2 Qc1+ 32. Kh2 Rce8 33. Qf5
Qxc4 34. Rf7 Rg7 35. Ne5 Qe6 36. Rf8+ Rxf8 37. Qxf8+ Rg8 38. Nf7+ 1-0

[Event "Schachfestival 2016 - Open"]
[Site "Bad Woerishofen"]
[Date "2016.03.04"]
[Round "9.11"]
[White "Khudovekov, Stanislav"]
[Black "Buchal, Stephan"]
[Result "0-1"]
[WhiteElo "2113"]
[BlackElo "2315"]
[Annotator "chessorg"]
[PlyCount "58"]
[EventDate "2016.??.??"]
[BlackTeam "SV Werder Bremen"]

1. d4 g6 2. e4 Bg7 3. c4 d6 4. Nc3 Nf6 5. Be2 O-O 6. Bg5 Na6 7. f4 c6 8. Qd2
Nc7 9. Nf3 b5 10. cxb5 cxb5 11. Bxf6 Bxf6 12. e5 Bg7 13. Nxb5 Nxb5 14. Bxb5
dxe5 15. fxe5 Bb7 16. Bc4 Qb6 17. Rd1 Rad8 18. Qc3 e6 19. Qb3 Qa5+ 20. Kf2 Rd7
21. Qb5 Qd8 22. Qc5 Bxf3 23. gxf3 Qh4+ 24. Kg2 Rfd8 25. Rd3 Rxd4 26. Rhd1 Qg5+
27. Kf2 Bxe5 28. Qxa7 Rxd3 29. Rxd3 Rxd3 0-1

[Event "Schachfestival 2016 - Open"]
[Site "Bad Woerishofen"]
[Date "2016.03.04"]
[Round "9.19"]
[White "Calder, Dennis"]
[Black "Boehmer, Christian"]
[Result "1-0"]
[WhiteElo "1987"]
[BlackElo "2212"]
[Annotator "chessorg"]
[PlyCount "53"]
[EventDate "2016.??.??"]
[WhiteTeam "SC Bad Nauheim"]
[BlackTeam "Moerlenbach"]

1. d4 Nf6 2. Nf3 c5 3. c4 e6 4. Nc3 cxd4 5. Nxd4 a6 6. g3 Qc7 7. b3 b5 8. Bg2
Bb7 9. Bxb7 Qxb7 10. O-O bxc4 11. bxc4 Nc6 12. Bf4 Rc8 13. Rb1 Qa8 14. Na4 Qa7
15. Nxc6 Rxc6 16. Rb8+ Ke7 17. c5 Nd5 18. Bd6+ Rxd6 19. cxd6+ Kxd6 20. Re8 Ke5
21. Qd2 f5 22. Qb2+ Qd4 23. Qxd4+ Kxd4 24. Rb1 Nf6 25. Ra8 h5 26. Rbb8 Nh7 27.
Nb6 1-0

[Event "Schachfestival 2016 - Open"]
[Site "Bad Woerishofen"]
[Date "2016.03.04"]
[Round "9.28"]
[White "Fiedler, Wolfgang"]
[Black "Marentini, Marcel"]
[Result "1/2-1/2"]
[WhiteElo "2004"]
[BlackElo "2060"]
[Annotator "chessorg"]
[PlyCount "125"]
[EventDate "2016.??.??"]
[WhiteTeam "SK Zirndorf e.V."]
[BlackTeam "SC Bodan"]

1. f4 c5 2. Nf3 Nc6 3. e3 a6 4. d4 cxd4 5. exd4 d5 6. c3 g6 7. Ne5 Bg7 8. Bd3
Nh6 9. Nd2 O-O 10. O-O Qb6 11. Qb3 Qd8 12. Ndf3 Na5 13. Qc2 f6 14. b4 fxe5 15.
bxa5 e4 16. Bxe4 dxe4 17. Qxe4 Qxa5 18. Bd2 Qc7 19. Rab1 Nf5 20. Rfe1 e6 21.
Ng5 h6 22. Nxe6 Bxe6 23. Qxe6+ Kh7 24. Qd5 b5 25. Re6 Rad8 26. Qe4 Rd6 27. Re1
Rxe6 28. Qxe6 Rf6 29. Qe4 Nd6 30. Qd3 Qd7 31. Bc1 Nc4 32. a4 Re6 33. Rf1 Qe8
34. f5 gxf5 35. Qxf5+ Qg6 36. Qxg6+ Kxg6 37. axb5 axb5 38. Bf4 Re2 39. Rf2 Re4
40. Kf1 h5 41. g3 Bf6 42. Ra2 Kf5 43. Kf2 Ke6 44. Kg2 Be7 45. Kf3 Re1 46. Re2+
Rxe2 47. Kxe2 Kd5 48. Kd3 Nd6 49. h3 Ne4 50. g4 hxg4 51. hxg4 Nf2+ 52. Kc2 Nxg4
53. Kb3 Nf2 54. Be3 Ne4 55. Bf4 Nd6 56. Kb4 Kc6 57. d5+ Kb6 58. Be3+ Ka6 59.
Bc5 Nc8 60. Bxe7 Nxe7 61. c4 bxc4 62. Kxc4 Nxd5 63. Kxd5 1/2-1/2

[Event "Schachfestival 2016 - Open"]
[Site "Bad Woerishofen"]
[Date "2016.03.04"]
[Round "9.63"]
[White "Bergen, Klaus"]
[Black "Pracht, Alexandra"]
[Result "1-0"]
[WhiteElo "1912"]
[BlackElo "1951"]
[Annotator "chessorg"]
[PlyCount "39"]
[EventDate "2016.??.??"]
[WhiteTeam "Austrian Airlines"]
[BlackTeam "SK Buchloe"]

1. e4 e5 2. Nf3 Nf6 3. d4 exd4 4. e5 Nd5 5. Qxd4 Ne7 6. Bf4 Nbc6 7. Qd2 g6 8.
Nc3 Bg7 9. Ne4 Ng8 10. O-O-O Kf8 11. Bc4 Qe7 12. Neg5 Nh6 13. Rhe1 f6 14. exf6
Qxf6 15. c3 d6 16. Ne4 Qf5 17. Bxh6 b5 18. Bd5 Bb7 19. Ng3 Qd7 20. Qf4+ 1-0

[Event "Schachfestival 2016 - Open"]
[Site "Bad Woerishofen"]
[Date "2016.03.04"]
[Round "9.12"]
[White "De Santis, Alessio"]
[Black "Baeuml, Ulrich"]
[Result "1-0"]
[WhiteElo "2308"]
[BlackElo "2109"]
[Annotator "chessorg"]
[PlyCount "41"]
[EventDate "2016.??.??"]
[WhiteTeam "Wasken Boys Lodi"]
[BlackTeam "SC Dillingen"]

1. b3 Nf6 2. Bb2 g6 3. Bxf6 exf6 4. c4 Bg7 5. Nc3 O-O 6. g3 d6 7. Bg2 f5 8. e3
Nd7 9. Nge2 c6 10. Qc2 a5 11. O-O Re8 12. a3 Nf6 13. Rab1 Bd7 14. Rfc1 h5 15.
h4 Ng4 16. f3 Nxe3 17. dxe3 Rxe3 18. Qd2 f4 19. Nxf4 Qb6 20. Kh2 Rae8 21. Nfd5
1-0

[Event "Schachfestival 2016 - Open"]
[Site "Bad Woerishofen"]
[Date "2016.03.04"]
[Round "9.24"]
[White "Deues, Erik"]
[Black "Bartels, Holger"]
[Result "1-0"]
[WhiteElo "2019"]
[BlackElo "2124"]
[Annotator "chessorg"]
[PlyCount "59"]
[EventDate "2016.??.??"]
[WhiteTeam "SK Germering e. V."]

1. d4 d5 2. c4 e6 3. Nc3 Nf6 4. Bg5 Be7 5. Nf3 O-O 6. e3 Nbd7 7. Rc1 a6 8. cxd5
exd5 9. Bd3 c6 10. O-O Re8 11. h3 Nf8 12. Ne5 Ne4 13. Bxe7 Qxe7 14. Nxe4 dxe4
15. Bc4 Be6 16. Qb3 f6 17. Bxe6+ Qxe6 18. Nc4 Re7 19. Rc3 Rd8 20. Na5 Rd5 21.
Nxb7 Rb5 22. Qxe6+ Nxe6 23. Nd6 Rxb2 24. Rxc6 a5 25. Rc8+ Nf8 26. Rfc1 Rd7 27.
Nxe4 Rxa2 28. Nc5 Rd6 29. Rb1 Kf7 30. Rb7+ 1-0

[Event "Schachfestival 2016 - Open"]
[Site "Bad Woerishofen"]
[Date "2016.03.04"]
[Round "9.25"]
[White "Moors, Marc"]
[Black "Neumueller, Theo"]
[Result "0-1"]
[WhiteElo "1873"]
[BlackElo "2106"]
[Annotator "chessorg"]
[PlyCount "44"]
[EventDate "2016.??.??"]
[WhiteTeam "Brasschaat"]
[BlackTeam "SC Germering"]

1. d4 Nf6 2. Nf3 g6 3. e3 Bg7 4. c4 O-O 5. Nc3 d5 6. Be2 c5 7. cxd5 Nxd5 8. e4
Nxc3 9. bxc3 Nc6 10. Be3 Qa5 11. O-O Rd8 12. Qb3 cxd4 13. cxd4 Nxd4 14. Nxd4
Bxd4 15. Rad1 Be6 16. Bc4 Bxc4 17. Qxc4 Bxe3 18. Rxd8+ Rxd8 19. fxe3 e6 20. Rc1
Qd2 21. Qc5 b6 22. Qa3 Qd3 0-1

[Event "Schachfestival 2016 - Open"]
[Site "Bad Woerishofen"]
[Date "2016.03.04"]
[Round "9.27"]
[White "Hamlack, Heinz"]
[Black "Matzat, Andre"]
[Result "1-0"]
[WhiteElo "2015"]
[BlackElo "2098"]
[Annotator "chessorg"]
[PlyCount "39"]
[EventDate "2016.??.??"]
[WhiteTeam "Post-SV Memmingen e.V."]
[BlackTeam "SC Weiße Dame Borbeck 25 e.V."]

1. d4 Nf6 2. Nf3 e6 3. e3 d5 4. Be2 c5 5. O-O Nc6 6. b3 Bd6 7. Bb2 O-O 8. c4 b6
9. Nc3 Bb7 10. dxc5 Bxc5 11. cxd5 exd5 12. Nb5 a6 13. Nbd4 Qd7 14. Nxc6 Qxc6
15. Rc1 Qd6 16. Nd4 g6 17. Nc2 a5 18. a3 Ne4 19. b4 axb4 20. axb4 1-0

[Event "Schachfestival 2016 - Open"]
[Site "Bad Woerishofen"]
[Date "2016.03.04"]
[Round "9.32"]
[White "Valet, Richard"]
[Black "Guggenberger, Guido"]
[Result "0-1"]
[WhiteElo "1968"]
[BlackElo "2029"]
[Annotator "chessorg"]
[PlyCount "36"]
[EventDate "2016.??.??"]
[WhiteTeam "Greifswalder SV"]
[BlackTeam "TV Tegernsee"]

1. e4 e5 2. Nf3 Nc6 3. Bc4 Nf6 4. d3 Be7 5. O-O O-O 6. c3 d5 7. exd5 Nxd5 8.
Re1 Bg4 9. Bb3 Kh8 10. h3 Bh5 11. g4 Bg6 12. Nxe5 Nxe5 13. Rxe5 c6 14. Na3 Bd6
15. Nc4 Bc7 16. f4 f6 17. f5 fxe5 18. fxg6 Qh4 0-1

[Event "Schachfestival 2016 - Open"]
[Site "Bad Woerishofen"]
[Date "2016.03.04"]
[Round "9.35"]
[White "Flemming, Achim"]
[Black "Tennstedt, Andreas"]
[Result "0-1"]
[WhiteElo "1983"]
[BlackElo "2140"]
[Annotator "chessorg"]
[PlyCount "64"]
[EventDate "2016.??.??"]
[WhiteTeam "SF Starnberger See e.V."]
[BlackTeam "SV Griesheim (DA)"]

1. e4 c6 2. Nc3 g6 3. d4 Bg7 4. Be3 d5 5. f3 Qb6 6. Qd2 Qxb2 7. Rb1 Qa3 8. exd5
Nf6 9. Bc4 O-O 10. Nge2 Nbd7 11. dxc6 bxc6 12. O-O Ba6 13. Bxa6 Qxa6 14. Bh6
Nb6 15. Bxg7 Kxg7 16. Nf4 Qc4 17. Rfe1 Rad8 18. Rxe7 Rxd4 19. Ne6+ Qxe6 20.
Rxe6 Rxd2 21. Rxf6 Rxc2 22. Rxc6 Na4 23. Rb3 Rd8 24. h4 Rdd2 25. Kh2 Rxg2+ 26.
Kh3 Rh2+ 27. Kg3 Rcg2+ 28. Kf4 Rxh4+ 29. Ke3 Rc2 30. a3 Rxc3+ 31. Rbxc3 Nxc3
32. Rxc3 Ra4 0-1

[Event "Schachfestival 2016 - Open"]
[Site "Bad Woerishofen"]
[Date "2016.03.04"]
[Round "9.41"]
[White "Eschle, Hubert"]
[Black "Einwiller, Dieter"]
[Result "0-1"]
[WhiteElo "1905"]
[BlackElo "2127"]
[Annotator "chessorg"]
[PlyCount "38"]
[EventDate "2016.??.??"]
[WhiteTeam "SR Spaichingen"]

1. e4 d5 2. exd5 Nf6 3. d4 Nxd5 4. c4 Nb6 5. c5 Nd5 6. Bc4 c6 7. Nf3 g6 8. Nc3
Bg7 9. Qb3 O-O 10. Bxd5 cxd5 11. Bf4 Nc6 12. O-O-O Bg4 13. Ne2 b6 14. h3 Bf5
15. Ng3 Be4 16. Nxe4 dxe4 17. Ne5 Nxd4 18. Qc4 bxc5 19. Nc6 Qe8 0-1

[Event "Schachfestival 2016 - Open"]
[Site "Bad Woerishofen"]
[Date "2016.03.04"]
[Round "9.58"]
[White "Schulz, Gert"]
[Black "Budzyn, Matthias"]
[Result "0-1"]
[WhiteElo "2036"]
[BlackElo "2168"]
[Annotator "chessorg"]
[PlyCount "46"]
[EventDate "2016.??.??"]
[WhiteTeam "SK 1947 Sandhausen e.V."]
[BlackTeam "SG Turm Kiel von 1910"]

1. d4 Nf6 2. c4 g6 3. Nc3 d5 4. Nf3 Bg7 5. Bg5 Ne4 6. cxd5 Nxg5 7. Nxg5 O-O 8.
Nf3 c6 9. dxc6 Nxc6 10. e3 e5 11. d5 e4 12. Nd2 Bxc3 13. bxc3 Qxd5 14. Qb3 Qf5
15. Qc4 Qe5 16. Rc1 Bf5 17. Be2 Rad8 18. g4 Be6 19. Qxe4 Rxd2 20. Qxe5 Rxe2+
21. Kxe2 Nxe5 22. h3 Rd8 23. Rhd1 Bc4+ 0-1